|
|
|
|
| LEADER |
01646nam a22003734a 4500 |
| 001 |
31021 |
| 003 |
BD-DhAAL |
| 005 |
20220828153243.0 |
| 008 |
160517s2008 bg b 001 0 eng |
| 999 |
|
|
|c 37559
|d 37559
|
| 010 |
|
|
|a 2008307324
|
| 020 |
|
|
|a 9847011500003
|
| 020 |
|
|
|a 9787011500002
|
| 020 |
|
|
|a 7011500006
|
| 037 |
|
|
|c TK500.00
|
| 040 |
|
|
|a DLC
|c DLC
|d DLC
|d BD-DhAAL
|
| 050 |
0 |
0 |
|a PR9492.6.M88
|b D87 2008
|
| 082 |
|
|
|a 823
|2 23
|
| 100 |
1 |
|
|a Durdana, Benazir,
|d 1953-1998.
|9 19557
|
| 245 |
1 |
0 |
|a Muslim India in Anglo-Indian fiction /
|c Benazir Durdana.
|
| 260 |
|
|
|a Dhaka :
|b writers.ink :
|b Distributed by University Press,
|c 2008.
|
| 300 |
|
|
|a 294 pages ;
|c 22 cm.
|
| 500 |
|
|
|a Revison of author's thesis (Ph. D.--Ohio State University, 1997).
|
| 504 |
|
|
|a Includes bibliographical references (pages [284]-289) and index.
|
| 526 |
|
|
|a GenEd
|
| 541 |
|
|
|a Book Finder International
|e 31021, 39483
|
| 650 |
|
0 |
|a Anglo-Indian fiction.
|9 19558
|
| 650 |
0 |
0 |
|a Muslims in literature.
|9 19559
|
| 650 |
0 |
0 |
|a English literature.
|9 51129
|
| 852 |
|
|
|a Ayesha Abed Library
|c General Stacks
|
| 942 |
|
|
|2 ddc
|c BK
|
| 952 |
|
|
|0 0
|1 0
|2 ddc
|4 0
|6 823_000000000000000_DUR
|7 0
|9 59015
|a BRACUL
|b BRACUL
|c GEN
|d 2016-05-17
|e Writers Ink
|g 500.00
|l 0
|o 823 DUR
|p 3010031021
|r 2016-05-17
|t 1
|w 2016-05-17
|y BK
|
| 952 |
|
|
|0 0
|1 0
|2 ddc
|4 0
|6 823_000000000000000_DUR
|7 0
|9 59050
|a BRACUL
|b BRACUL
|c GEN
|d 2016-05-26
|e Writers Ink
|g 500.00
|l 0
|o 823 DUR
|p 3010031022
|r 2016-05-26
|t 2
|w 2016-05-26
|y BK
|
| 952 |
|
|
|0 0
|1 0
|2 ddc
|4 0
|6 823_000000000000000_DUR
|7 0
|9 71534
|a SCL
|b SCL
|c GEN
|d 2022-08-03
|e Book Finder International
|g 402.22
|l 0
|o 823 DUR
|p 3020039483
|r 2022-08-03
|t 3
|v 2.00
|w 2022-08-03
|y BK
|